000 01104nam a22003137a 4500
001 BR2013005691
003 BR-BrBNA
005 20230928104222.0
007 ta
008 230509b bl.||||| |||| 00| 0 por d
040 _aBR-BrBNA
_bpor
_cBiblioteca Nacional de Agricultura
041 _a(Por)
072 _aE11
090 _ E11 BR2013005691
100 1 _aRegina Bruno
100 1 _aMedeiros, L.S. de
110 1 _aFAO, Brasília, DF (Brasil)
_94523
110 1 _aInstituto Nacional de Colonização e Reforma Agrária, Brasília, DF (Brasil)
110 1 _aMinistério Extraordinário de Política Fundiária, São Paulo, SP (Brasil)
245 1 _aAvaliação dos projetos de assentamentos. 1: percentuais e causas evasões nos assentamentos versão final; trabalhos para discussão
_bProjeto de Cooperação Técnica MEPDF/INCRA/FAO
260 3 _aBrasília, DF (Brasil):
_c1998.
300 _a55 p.
500 _a18 ref.; 19 tables
650 _aASSENTAMENTO
650 _aPROJETO DE DESENVOLVIMENTO
650 _aPOSSEIRO
909 _a202309
_bLucia
_c55
_dLucia Elande
942 _cBK
999 _c78752
_d78752